Loren Cunningham : (Record no. 10436)

MARC details
000 -LEADER
fixed length control field 01535cam a22003374a 4500
001 - CONTROL NUMBER
control field 13165772
003 - CONTROL NUMBER IDENTIFIER
control field GBCCL
005 - DATE AND TIME OF LATEST TRANSACTION
control field 20241126110732.0
008 - FIXED-LENGTH DATA ELEMENTS--GENERAL INFORMATION
fixed length control field 030417s2005 wau b 000 0beng
010 ## -
-- 2003008865
020 ## - INTERNATIONAL STANDARD BOOK NUMBER
International Standard Book Number 1576581993
040 ## - CATALOGING SOURCE
Original cataloging agency DLC
Transcribing agency DLC
Modifying agency DLC
042 ## -
-- pcc
050 00 -
-- BV3705.C86
-- B46 2005
082 00 - DEWEY DECIMAL CLASSIFICATION NUMBER
Classification number 266.0092
-- 267.61092
-- B
Item number BEN
100 1# - MAIN ENTRY--PERSONAL NAME
Personal name Benge, Janet,
Dates associated with a name 1958-
9 (RLIN) 17368
245 10 - TITLE STATEMENT
Title Loren Cunningham :
Remainder of title into all the world /
Statement of responsibility, etc. by Janet and Geoff Benge.
260 ## - PUBLICATION, DISTRIBUTION, ETC.
Place of publication, distribution, etc. Seattle, WA :
Name of publisher, distributor, etc. YWAM Pub.,
Date of publication, distribution, etc. c2005.
300 ## - PHYSICAL DESCRIPTION
Extent 219 p. ;
Dimensions 21 cm.
440 #0 - SERIES STATEMENT/ADDED ENTRY--TITLE
Title Christian heroes, then & now
9 (RLIN) 17374
504 ## - BIBLIOGRAPHY, ETC. NOTE
Bibliography, etc. note Includes bibliographical references (p. 219).
505 0# - FORMATTED CONTENTS NOTE
Formatted contents note When God says go, we go -- You sure got yourself a preacher here! -- New shoes -- The face of a little girl -- Wave upon wave -- You look so like Tom -- You'd be set up for life -- Youth with a mission -- An extremely generous offer -- A gathering storm -- Multiplication -- Hotel golf -- A growing mission -- Only the beginning -- New frontiers -- Into all the world.
600 10 - SUBJECT ADDED ENTRY--PERSONAL NAME
Personal name Cunningham, Loren.
9 (RLIN) 7779
610 20 - SUBJECT ADDED ENTRY--CORPORATE NAME
Corporate name or jurisdiction name as entry element Youth With a Mission, Inc.
9 (RLIN) 18148
650 #0 - SUBJECT ADDED ENTRY--TOPICAL TERM
Topical term or geographic name entry element Missionaries
Form subdivision Biography.
9 (RLIN) 3720
700 1# - ADDED ENTRY--PERSONAL NAME
Personal name Benge, Geoff,
Dates associated with a name 1954-
9 (RLIN) 17373
856 41 - ELECTRONIC LOCATION AND ACCESS
Materials specified Table of contents
Uniform Resource Identifier <a href="http://www.loc.gov/catdir/toc/ecip043/2003008865.html">http://www.loc.gov/catdir/toc/ecip043/2003008865.html</a>
906 ## - LOCAL DATA ELEMENT F, LDF (RLIN)
a 7
b cbc
c orignew
d 1
e ecip
f 20
g y-gencatlg
942 ## - ADDED ENTRY ELEMENTS (KOHA)
Source of classification or shelving scheme Dewey Decimal Classification
Koha item type Books
Holdings
Withdrawn status Lost status Source of classification or shelving scheme Damaged status Not for loan Home library Current Library Shelving location Date acquired Total checkouts Full call number Barcode Date last seen Date last checked out Copy number Price effective from Koha item type
    Dewey Decimal Classification     GRACE BIBLE COLLEGE GRACE BIBLE COLLEGE Ministry & Mission 2024-07-18 1 266.0092 BEN 016957 2026-02-26 2026-02-19 c.1 2024-07-18 Books
© Grace Bible College Library 2025